[Event "?"]
[Site "?"]
[Date "2020.01.02"]
[Round "1.25"]
[White "Hacker, Jonas"]
[Black "Braun, Joachim"]
[Result "1-0"]
[WhiteElo "2375"]
[BlackElo "2161"]
[PlyCount "101"]
[EventDate "2020.??.??"]
[WhiteTeam "SC Eppingen"]
[BlackTeam "SF Birkenfeld"]

1. e4 c5 2. Nf3 d6 3. d4 cxd4 4. Nxd4 Nf6 5. f3 Nc6 6. c4 g6 7. Nc3 Bg7 8. Be3
O-O 9. Qd2 a5 10. Be2 a4 11. O-O Qa5 12. Rac1 Bd7 13. Rfd1 Rfc8 14. Ndb5 Ne5
15. Na3 Be6 16. Nd5 Qxd2 17. Bxd2 Nxd5 18. cxd5 Bd7 19. h3 f5 20. Rxc8+ Rxc8
21. Rc1 Rxc1+ 22. Bxc1 fxe4 23. fxe4 Nf7 24. Kf1 Bd4 25. Nb5 Bf6 26. Na3 Bd4
27. Bb5 Bxb5+ 28. Nxb5 Bf6 29. Ke2 g5 30. Kd3 Ne5+ 31. Kc2 Nc4 32. Nc3 Nb6 33.
Kd3 Nd7 34. Nxa4 b5 35. Nc3 Nc5+ 36. Kc2 b4 37. Nd1 Nxe4 38. Be3 Nc5 39. Bxc5
dxc5 40. Ne3 Kf7 41. Nc4 e6 42. d6 Ke8 43. a4 bxa3 44. bxa3 Kd7 45. a4 Kc6 46.
a5 Kb5 47. g4 Bd8 48. Kd3 Bf6 49. Ke4 Ka6 50. d7 Kb5 51. Nd6+ 1-0

[Event "?"]
[Site "?"]
[Date "2020.01.02"]
[Round "1.26"]
[White "Tscharotschkin, Michael"]
[Black "Zeller, Frank"]
[Result "1-0"]
[WhiteElo "2156"]
[BlackElo "2366"]
[PlyCount "111"]
[EventDate "2020.??.??"]
[WhiteTeam "SF Neckartenzlingen"]
[BlackTeam "BCA Augsburg"]

1. d4 Nf6 2. Bf4 c5 3. e3 Qb6 4. Nc3 cxd4 5. exd4 d6 6. Nf3 a6 7. a3 g6 8. Bc4
Bg7 9. O-O Bg4 10. h3 Bxf3 11. Qxf3 Nc6 12. Be3 Qxb2 13. Nd5 Nxd5 14. Bxd5 O-O
15. Rab1 Nxd4 16. Qg4 Qc3 17. Rxb7 Nf5 18. Rb3 Qxc2 19. Rc1 Qa2 20. Qd1 Rad8
21. Bg5 h6 22. Rd3 Qb2 23. Rb1 Qe5 24. f4 Qxd5 25. Rxd5 hxg5 26. Rxf5 gxf5 27.
fxg5 Rb8 28. h4 Be5 29. Kf2 e6 30. h5 Rfc8 31. h6 Kh7 32. Rxb8 Rxb8 33. Qa4 Kg6
34. Qxa6 Kxg5 35. Qa7 Rb2+ 36. Ke1 Kg6 37. Qa8 Kxh6 38. Qg8 Rb7 39. a4 d5 40.
Qf8+ Bg7 41. Qc8 Rb1+ 42. Ke2 Rb2+ 43. Kf1 Ra2 44. Qc6 Bd4 45. g3 Ra3 46. Qa8
Rxg3 47. a5 Ra3 48. a6 Kg6 49. Qg8+ Bg7 50. Qc8 Ra2 51. Qb7 Ra1+ 52. Ke2 Bd4
53. Qb4 Be5 54. Qb6 Ra2+ 55. Kd1 f4 56. Qb1+ 1-0

[Event "?"]
[Site "?"]
[Date "2020.01.02"]
[Round "1.27"]
[White "Wenninger, Philipp"]
[Black "Kardoeus, David"]
[Result "1-0"]
[WhiteElo "2366"]
[BlackElo "2155"]
[PlyCount "89"]
[EventDate "2020.??.??"]
[WhiteTeam "TSV Schönaich"]
[BlackTeam "SV Werder Bremen"]

1. d4 Nf6 2. c4 g6 3. Nc3 d5 4. Nf3 Bg7 5. Qb3 dxc4 6. Qxc4 O-O 7. e4 Na6 8.
Be2 c5 9. d5 e6 10. O-O exd5 11. exd5 Re8 12. Rd1 Nb4 13. Bg5 h6 14. Bxf6 Bxf6
15. Qxc5 a5 16. Bb5 Bd7 17. Bxd7 Qxd7 18. d6 Rec8 19. Nd5 Nxd5 20. Qxd5 Ra6 21.
Rd2 Rcc6 22. Rad1 Rxd6 23. Qxd6 Rxd6 24. Rxd6 Qf5 25. b3 Bc3 26. R6d3 Bf6 27.
h3 b5 28. Rd5 Qc2 29. R1d2 Qc1+ 30. Kh2 Qc7+ 31. g3 b4 32. Kg2 Qa7 33. Rd7 Qb8
34. R2d5 Qa8 35. Ne5 Be7 36. Kh2 Kf8 37. Rb5 Qc8 38. Rbb7 Qc2 39. Nd3 Kg8 40.
Rbc7 Qe2 41. Rxe7 Qxd3 42. Rxf7 Qf1 43. Rf6 g5 44. Ra7 Qa1 45. Rd6 1-0

[Event "?"]
[Site "?"]
[Date "2020.01.02"]
[Round "1.28"]
[White "Hentrich, Johannes"]
[Black "Das, Soham"]
[Result "1/2-1/2"]
[WhiteElo "2152"]
[BlackElo "2355"]
[PlyCount "94"]
[EventDate "2020.??.??"]
[BlackTeam "SK Tarrasch München"]

1. e4 c5 2. Nf3 d6 3. d4 Nf6 4. Nc3 cxd4 5. Nxd4 a6 6. Bg5 Nbd7 7. Qe2 h6 8.
Bh4 g6 9. O-O-O Bg7 10. f4 e5 11. fxe5 dxe5 12. Nf3 Qc7 13. Qc4 Qb8 14. Nd5 O-O
15. Ne7+ Kh7 16. Nxc8 b5 17. Qb4 Rxc8 18. Bg3 Qc7 19. Bd3 Nc5 20. Kb1 a5 21.
Qe1 Nxd3 22. cxd3 Qc2+ 23. Ka1 Nd7 24. Rd2 Qa4 25. Qd1 Qb4 26. a3 Qe7 27. Bf2
a4 28. Rc2 Rcb8 29. Be1 Nc5 30. Bb4 Nb3+ 31. Kb1 Qd7 32. Rc3 Rd8 33. Nd2 Nd4
34. Rf1 Rac8 35. Qe1 Nb3 36. Nxb3 axb3 37. Rxb3 f5 38. exf5 gxf5 39. Qf2 Qd5
40. Qxf5+ Kg8 41. Rc3 Rxc3 42. bxc3 Qb3+ 43. Kc1 e4 44. Qxe4 Bxc3 45. Rf2 Bxb4
46. Qg6+ Kh8 47. Qxh6+ Kg8 1/2-1/2

[Event "?"]
[Site "?"]
[Date "2020.01.02"]
[Round "1.29"]
[White "Farmani Anosheh, Armin"]
[Black "Westphal, Wolfgang"]
[Result "1-0"]
[WhiteElo "2353"]
[BlackElo "2151"]
[PlyCount "109"]
[EventDate "2020.??.??"]
[WhiteTeam "SK Ladenburg"]
[BlackTeam "SF Schwerin"]

{[%evp 0,109,20,15,46,38,38,38,38,7,3,17,19,9,31,34,27,16,49,61,69,51,73,23,13,
94,94,38,34,45,52,40,40,25,25,46,-6,6,66,2,2,0,0,0,0,-9,-9,-9,-9,-8,-17,0,0,0,
0,4,14,32,93,83,134,134,134,143,155,170,139,174,168,180,208,212,200,112,174,
174,211,77,205,227,181,211,199,179,364,145,179,186,146,176,283,283,283,236,233,
239,205,205,350,350,350,307,639,411,302,322,29967,29968,29995,29996,29997,
29998]} 1. e4 c5 2. Nf3 Nc6 3. d4 cxd4 4. Nxd4 e5 5. Nb5 a6 6. Nd6+ Bxd6 7.
Qxd6 Qf6 8. Qd1 Qg6 9. Nc3 d5 10. Nxd5 Qxe4+ 11. Be3 Nd4 12. Nc7+ Ke7 13. Qd3
Nxc2+ 14. Kd2 Qxd3+ 15. Bxd3 Nxe3 16. Nxa8 Nd5 17. Rhc1 Ngf6 18. Nc7 Nb4 19. a3
Nxd3 20. Kxd3 Bd7 21. Rc3 Bc6 22. Rxc6 bxc6 23. Nxa6 Rd8+ {(=)} 24. Kc2 Nd5 25.
Nc5 f5 26. b4 Ra8 27. Kb3 g5 28. Re1 e4 29. g4 Kf6 30. gxf5 Kxf5 31. Rxe4 h5
32. a4 Nf6 33. Re6 Rc8 34. Re7 Kg4 35. a5 Kh3 36. Na4 Kxh2 37. Nb6 Rf8 38. Re5
Rg8 39. a6 Ng4 40. Ra5 Nxf2 41. a7 Nh3 42. a8=Q Rxa8 43. Rxa8 g4 44. Ra2+ Kh1
45. Nc4 g3 46. Ne3 Nf4 47. Kc4 h4 48. Kd4 h3 49. Ra1+ Kh2 50. Ke4 Ng6 51. Ng4+
Kg2 52. Ra2+ Kg1 53. Kf3 Ne5+ 54. Nxe5 g2 55. Ra1+ 1-0

[Event "?"]
[Site "?"]
[Date "2020.01.02"]
[Round "1.30"]
[White "Sarvadh Sathiaram"]
[Black "Ruff, Maximilian"]
[Result "0-1"]
[WhiteElo "2150"]
[BlackElo "2338"]
[PlyCount "82"]
[EventDate "2020.??.??"]
[BlackTeam "SF Sasbach"]

1. e4 c5 2. Nf3 e6 3. d4 cxd4 4. Nxd4 a6 5. c4 Nf6 6. Nc3 Bb4 7. Qd3 Nc6 8.
Nxc6 dxc6 9. Qxd8+ Kxd8 10. e5 Nd7 11. Bf4 f5 12. exf6 gxf6 13. O-O-O e5 14.
Be3 Kc7 15. Bd3 b6 16. Bf5 Nc5 17. Bxc8 Raxc8 18. Kc2 Rhg8 19. g3 Ne6 20. Na4
Rb8 21. a3 Bf8 22. Nc3 Rg4 23. b3 b5 24. f3 Rg8 25. Ne4 bxc4 26. bxc4 Bxa3 27.
Ra1 Bb2 28. Ra2 Nd4+ 29. Bxd4 Bxd4 30. Rd1 Rb4 31. Rxa6 Rb2+ 32. Kd3 f5 33. Nd2
Rd8 34. Ra4 Bc5+ 35. Kc3 Bd4+ 36. Kd3 h5 37. h3 Bc5+ 38. Kc3 Bd4+ 39. Kd3 f4
40. gxf4 exf4 41. c5 Be3+ 0-1

[Event "?"]
[Site "?"]
[Date "2020.01.02"]
[Round "1.31"]
[White "Krastev, Alexander"]
[Black "Reimann, Sebastian"]
[Result "1/2-1/2"]
[WhiteElo "2333"]
[BlackElo "2146"]
[PlyCount "86"]
[EventDate "2020.??.??"]
[WhiteTeam "Biebertaler SF"]
[BlackTeam "SK Kriegshaber"]

1. e4 e5 2. Bc4 Nf6 3. d3 Nc6 4. Nc3 Na5 5. Nge2 Bc5 6. O-O O-O 7. a3 Nxc4 8.
dxc4 d6 9. Qd3 h6 10. Na4 Qd7 11. b3 a6 12. Nxc5 dxc5 13. Qxd7 Bxd7 14. f3 Be6
15. Bb2 Nd7 16. Nc3 c6 17. a4 a5 18. Rad1 Rfd8 19. Ba3 f6 20. Rd6 Kf7 21. Rfd1
Ke7 22. Ne2 Rac8 23. g4 b6 24. Ng3 g6 25. Bc1 g5 26. Nh5 Rg8 27. Kf2 Nb8 28.
Ke3 Rc7 29. h4 Rd7 30. Rxd7+ Nxd7 31. Rh1 Kf7 32. Ng3 Nf8 33. Rd1 Ke7 34. hxg5
hxg5 35. c3 Nd7 36. Rh1 Kf7 37. Nf5 Bxf5 38. gxf5 Ke7 39. Rh7+ Kd6 40. Ke2 Rb8
41. Kd3 Rg8 42. Bb2 Rb8 43. Ba3 Rg8 1/2-1/2

[Event "?"]
[Site "?"]
[Date "2020.01.02"]
[Round "1.32"]
[White "Höthe, Christian"]
[Black "Köllner, Ruben Gideon"]
[Result "0-1"]
[WhiteElo "2144"]
[BlackElo "2328"]
[PlyCount "44"]
[EventDate "2020.??.??"]
[WhiteTeam "SV Gifhorn"]
[BlackTeam "SF Deizisau"]

1. d4 d6 2. c4 e5 3. d5 f5 4. e4 fxe4 5. Nc3 Nf6 6. Nge2 Na6 7. Ng3 Nc5 8. Be3
b6 9. Qc2 Be7 10. Bxc5 bxc5 11. Ncxe4 Nxe4 12. Qxe4 Rb8 13. Qc2 c6 14. Bd3 Qa5+
15. Kf1 cxd5 16. cxd5 Ba6 17. b3 O-O 18. Kg1 Bxd3 19. Qxd3 Rb4 20. Ne4 Rd4 21.
Qe2 Qb4 22. Re1 Rxd5 0-1

[Event "?"]
[Site "?"]
[Date "2020.01.02"]
[Round "1.33"]
[White "Unzicker, Ferdinand"]
[Black "Müller, Michael (Viernheim)"]
[Result "1-0"]
[WhiteElo "2322"]
[BlackElo "2141"]
[PlyCount "95"]
[EventDate "2020.??.??"]
[WhiteTeam "FC Bayern München"]
[BlackTeam "SC Viernheim"]

1. c4 e6 2. Nc3 d5 3. d4 Be7 4. Nf3 Nf6 5. Bg5 h6 6. Bh4 O-O 7. e3 b6 8. Rc1
Ba6 9. Qb3 c6 10. Be2 Nbd7 11. cxd5 Bxe2 12. Nxe2 cxd5 13. O-O Ne4 14. Bxe7
Qxe7 15. Rc6 Rfc8 16. Rfc1 Rxc6 17. Rxc6 Qd8 18. Qc2 g6 19. Nf4 g5 20. Nd3 Nf8
21. h3 h5 22. g4 hxg4 23. hxg4 f6 24. b3 a5 25. a4 Rb8 26. Nh2 Rb7 27. Nf1 Qd7
28. Qc1 Nc5 29. Rxc5 bxc5 30. Nxc5 Qc8 31. Qd2 Ra7 32. Ng3 Qc7 33. Qe2 Kf7 34.
Qd3 Qe7 35. Nh5 Ng6 36. Qb5 e5 37. Qc6 exd4 38. Qxd5+ Kf8 39. Ne6+ Ke8 40.
Nhg7+ Kf7 41. Nxd4+ Kf8 42. Nge6+ Kg8 43. Nxg5+ Kh8 44. Nc6 Qd7 45. Qh1+ Kg8
46. Nxa7 Qd1+ 47. Kh2 fxg5 48. Qxd1 1-0

[Event "?"]
[Site "?"]
[Date "2020.01.02"]
[Round "1.34"]
[White "Kutzner, Stephen"]
[Black "Schulze, Lara"]
[Result "1/2-1/2"]
[WhiteElo "2141"]
[BlackElo "2320"]
[PlyCount "112"]
[EventDate "2020.??.??"]
[WhiteTeam "Godesberger SK"]
[BlackTeam "SK Lehrte"]

1. d4 Nf6 2. c4 e6 3. Nc3 Bb4 4. e3 b6 5. Nge2 c5 6. a3 Ba5 7. Qc2 Bb7 8. Ng3
O-O 9. f3 Nc6 10. dxc5 bxc5 11. Bd3 d5 12. cxd5 exd5 13. O-O c4 14. Be2 d4 15.
exd4 Nxd4 16. Qd1 Rc8 17. Be3 Nxe2+ 18. Ngxe2 Bb6 19. Bf2 h5 20. Na4 Bxf2+ 21.
Rxf2 Qa5 22. Nac3 h4 23. Qd4 h3 24. Qf4 Rfe8 25. Raf1 hxg2 26. Rxg2 Qe5 27. Qg3
Qxg3 28. Nxg3 Rc5 29. Kf2 Rd8 30. Nge4 Rf5 31. Re1 Rd3 32. Rg3 Nh5 33. Rh3 Nf4
34. Rg3 Rd8 35. Reg1 g6 36. Rd1 Rxd1 37. Nxd1 Bxe4 38. fxe4 Rh5 39. Rc3 Rxh2+
40. Kg3 Rd2 41. Kxf4 Rxd1 42. Rxc4 Rd3 43. Rb4 Rd7 44. Ra4 f6 45. Ra6 Kf7 46.
b4 Rb7 47. Ra5 Ke6 48. b5 g5+ 49. Kg4 Rh7 50. a4 Rh4+ 51. Kf3 Rh3+ 52. Kf2 Rh7
53. Ke3 Rb7 54. Kf3 Rh7 55. Kg3 Rb7 56. Kg4 Rh7 1/2-1/2

[Event "?"]
[Site "?"]
[Date "2020.01.02"]
[Round "1.35"]
[White "Kölle, Tobias"]
[Black "Wecker, Martin"]
[Result "1/2-1/2"]
[WhiteElo "2316"]
[BlackElo "2138"]
[PlyCount "67"]
[EventDate "2020.??.??"]
[WhiteTeam "TSV Schönaich"]
[BlackTeam "Godesberger SK"]

1. d4 Nf6 2. c4 e6 3. Nc3 Bb4 4. Nf3 d5 5. cxd5 exd5 6. Bg5 Qd6 7. Nd2 Bf5 8.
e3 c6 9. Be2 Nbd7 10. O-O O-O 11. Rc1 h6 12. Bf4 Qe6 13. a3 Bd6 14. Bxd6 Qxd6
15. Nf3 Rfe8 16. h3 Ne4 17. Nxe4 Bxe4 18. Bd3 Nf6 19. Bxe4 Nxe4 20. Nd2 Nxd2
21. Qxd2 f5 22. b4 a6 23. a4 Re7 24. Rc5 f4 25. exf4 Rae8 26. b5 axb5 27. axb5
cxb5 28. Rxb5 b6 29. Qd1 Qxf4 30. Rxd5 Re2 31. Qb3 Kh8 32. Qf3 Qxf3 33. gxf3
Rf8 34. Kg2 1/2-1/2

[Event "?"]
[Site "?"]
[Date "2020.01.02"]
[Round "1.37"]
[White "Chittka, Julius"]
[Black "Sattel, Dominique"]
[Result "1-0"]
[WhiteElo "2304"]
[BlackElo "2132"]
[PlyCount "63"]
[EventDate "2020.??.??"]
[WhiteTeam "SF Düsseldorf-Süd"]
[BlackTeam "SK Altrip"]

1. d4 d5 2. c4 e6 3. Nc3 Nf6 4. cxd5 exd5 5. Bg5 Be7 6. e3 O-O 7. Bd3 h6 8. Bh4
b6 9. Nf3 Bb7 10. Ne5 Nbd7 11. f4 Ne4 12. Bxe7 Qxe7 13. O-O Ndf6 14. Rc1 c5 15.
Nxe4 Nxe4 16. Bxe4 dxe4 17. dxc5 Rad8 18. Qa4 bxc5 19. Qxa7 Rd3 20. Qxc5 Qxc5
21. Rxc5 Rxe3 22. Kf2 Ba6 23. Kxe3 Bxf1 24. g3 Rb8 25. b3 Ra8 26. a4 Rb8 27.
Rc3 f5 28. Nc6 Rb7 29. b4 Rd7 30. b5 Kf8 31. b6 Ba6 32. Nb8 1-0

[Event "?"]
[Site "?"]
[Date "2020.01.02"]
[Round "1.38"]
[White "Gramb, Marius"]
[Black "Siddharth, Jagadeesh"]
[Result "1/2-1/2"]
[WhiteElo "2126"]
[BlackElo "2301"]
[PlyCount "94"]
[EventDate "2020.??.??"]
[WhiteTeam "Brühler SK"]

1. d4 Nf6 2. c4 e6 3. g3 d5 4. Nf3 Bb4+ 5. Bd2 Be7 6. Bg2 O-O 7. O-O Nbd7 8.
Qc2 Ne4 9. Bf4 c6 10. Nfd2 g5 11. cxd5 exd5 12. Nxe4 dxe4 13. Bd2 f5 14. Nc3
Nb6 15. Rad1 Be6 16. g4 fxg4 17. Nxe4 Bd5 18. b3 Rf7 19. Ng3 Bxg2 20. Kxg2 Qxd4
21. Bxg5 Qe5 22. Bxe7 Rxe7 23. e4 Rf8 24. f3 gxf3+ 25. Rxf3 Rxf3 26. Kxf3 Re8
27. Nf5 Kh8 28. Rd2 Nd5 29. Qb2 Nc3 30. Rd4 c5 31. Rc4 b5 32. Rxc3 Qxe4+ 33.
Kf2 Qxf5+ 34. Rf3+ Qe5 35. Qxe5+ Rxe5 36. Rf7 a5 37. Rb7 c4 38. bxc4 bxc4 39.
Rc7 Rb5 40. Rxc4 Rb2+ 41. Kg3 Rxa2 42. Rc7 a4 43. Ra7 Kg8 44. h3 h6 45. Kh4 Ra3
46. Kg4 Kf8 47. h4 Rb3 1/2-1/2

[Event "?"]
[Site "?"]
[Date "2020.01.02"]
[Round "1.39"]
[White "Barzen, Pascal"]
[Black "Bakiev, Diyor"]
[Result "1/2-1/2"]
[WhiteElo "2301"]
[BlackElo "2125"]
[PlyCount "135"]
[EventDate "2020.??.??"]
[WhiteTeam "SG Trier"]
[BlackTeam "Wiesbadener SV"]

1. e4 c6 2. d4 d5 3. Nd2 dxe4 4. Nxe4 Bf5 5. Ng3 Bg6 6. h4 h6 7. Nf3 Nd7 8. h5
Bh7 9. Bd3 Bxd3 10. Qxd3 e6 11. Bd2 Ngf6 12. O-O-O Be7 13. Qe2 O-O 14. Kb1 Qc7
15. Ne5 c5 16. Nxd7 Qxd7 17. dxc5 Qc7 18. Ne4 Nxe4 19. Qxe4 Qxc5 20. Be3 Qc7
21. Bf4 Qb6 22. Be3 Qc7 23. Bd4 Rfd8 24. Qg4 Bf8 25. c3 b5 26. f4 Rd5 27. Rd3
Rc8 28. a3 a5 29. Rg3 Rxd4 30. cxd4 b4 31. Qe2 bxa3 32. Rc3 Qb7 33. Rxc8 Qxc8
34. bxa3 Bxa3 35. Rd1 Qb7+ 36. Ka2 Bd6 37. g3 Qd5+ 38. Ka1 Qb3 39. Qd3 Qa4+ 40.
Kb1 Qb4+ 41. Kc2 Qa4+ 42. Kd2 Qa2+ 43. Ke1 Qh2 44. Qf3 Qg1+ 45. Ke2 Qh2+ 46.
Kf1 Qh3+ 47. Kg1 Qf5 48. Rc1 Kh7 49. Qe2 Ba3 50. Rc7 Bd6 51. Rc8 Qd5 52. Qd3+
f5 53. Kf2 a4 54. Qc4 Qh1 55. Qxe6 Qh2+ 56. Kf1 Qh1+ 57. Ke2 Qg2+ 58. Kd1 Qf1+
59. Kc2 Qg2+ 60. Kb1 Qb7+ 61. Kc2 Qg2+ 62. Kd1 Qf1+ 63. Kc2 Qg2+ 64. Kc1 Qh1+
65. Kb2 Qb7+ 66. Ka2 Qg2+ 67. Kb1 Qb7+ 68. Ka2 1/2-1/2

[Event "?"]
[Site "?"]
[Date "2020.01.02"]
[Round "1.40"]
[White "Burian, Simon"]
[Black "Höglauer, Patrick"]
[Result "1/2-1/2"]
[WhiteElo "2124"]
[BlackElo "2299"]
[PlyCount "101"]
[EventDate "2020.??.??"]
[WhiteTeam "SK König Plauen"]
[BlackTeam "SC Grunbach"]

1. e4 c5 2. Nf3 e6 3. d4 cxd4 4. Nxd4 a6 5. c4 Nf6 6. Nc3 Qc7 7. a3 b6 8. Be3
Bb7 9. f3 Be7 10. Be2 d6 11. Rc1 Nbd7 12. O-O Rc8 13. b4 Qb8 14. Nb3 Bd8 15.
Qd2 Bc7 16. Rfd1 d5 17. cxd5 exd5 18. Nxd5 Nxd5 19. exd5 Bxh2+ 20. Kh1 Rxc1 21.
Rxc1 Bd6 22. Bxb6 O-O 23. Be3 Nf6 24. Nc5 Bxd5 25. Nd7 Nxd7 26. Qxd5 Nf6 27.
Qf5 Qe8 28. Rc3 Be5 29. Rc5 Bg3 30. Qd3 h6 31. Qd2 Qe7 32. Bxa6 Rd8 33. Rc8
Rxc8 34. Bxc8 Nd5 35. Bf2 Qh4+ 36. Bh3 Bxf2 37. Qxd5 Qf4 38. Qa8+ Kh7 39. Qe4+
Qxe4 40. fxe4 Kg6 41. Kh2 Kf6 42. g3 Ke5 43. Kg2 Be1 44. Kf3 Kd4 45. Bf1 Kc3
46. b5 Kb3 47. b6 Ba5 48. b7 Bc7 49. g4 Kxa3 50. Bc4 f6 51. Bd5 1/2-1/2

[Event "?"]
[Site "?"]
[Date "2020.01.02"]
[Round "1.43"]
[White "Welling, Gerard"]
[Black "Budzyn, Matthias"]
[Result "1/2-1/2"]
[WhiteElo "2289"]
[BlackElo "2119"]
[PlyCount "59"]
[EventDate "2020.??.??"]
[BlackTeam "SG Turm Kiel"]

1. e4 e5 2. Nc3 Nc6 3. Bc4 Nf6 4. d3 Na5 5. Nge2 c6 6. O-O b5 7. Bb3 b4 8. Nb1
Nxb3 9. axb3 d5 10. Nd2 Bc5 11. exd5 cxd5 12. d4 exd4 13. Nf3 O-O 14. Nexd4 Qb6
15. h3 Ba6 16. Re1 Rae8 17. Be3 Bc8 18. Qd3 Ne4 19. Qb5 Qg6 20. Qc6 Qh5 21. Ra5
Bxh3 22. gxh3 Bxd4 23. Nxd4 Qxh3 24. Qxd5 Re6 25. Nxe6 Qg4+ 26. Kh2 Qh4+ 27.
Kg2 Qg4+ 28. Kh2 Qh4+ 29. Kg2 Qg4+ 30. Kh2 1/2-1/2

[Event "?"]
[Site "?"]
[Date "2020.01.02"]
[Round "1.53"]
[White "Stork, Oliver"]
[Black "Englert, Jon"]
[Result "1/2-1/2"]
[WhiteElo "2267"]
[BlackElo "2106"]
[PlyCount "119"]
[EventDate "2020.??.??"]
[WhiteTeam "SV Oberursel"]
[BlackTeam "TV-Großostheim"]

1. c4 c5 2. Nf3 Nc6 3. e3 d6 4. Nc3 Bg4 5. h3 Bxf3 6. Qxf3 e6 7. g3 g6 8. Bg2
Bg7 9. Rb1 Rb8 10. b3 Nge7 11. g4 f5 12. Bb2 O-O 13. Qg3 Nb4 14. Bf1 d5 15. a3
Nbc6 16. cxd5 exd5 17. Na4 Bxb2 18. Rxb2 b6 19. b4 cxb4 20. axb4 f4 21. exf4
Qd6 22. f5 Qxg3 23. fxg3 gxf5 24. g5 f4 25. g4 Ng6 26. Nc3 Rbd8 27. Kf2 Nge5
28. Bb5 Nd4 29. Ra2 Rf7 30. Rha1 Ndf3 31. Rxa7 Rxa7 32. Rxa7 Nxg5 33. d4 Ng6
34. Nxd5 Kf8 35. Nxb6 Rxd4 36. Nd7+ Ke7 37. Nc5+ Kf8 38. Ra8+ Ke7 39. Ra7+ Kf8
40. Ra8+ Ke7 41. Re8+ Kf7 42. Rb8 Nxh3+ 43. Kg2 Ng5 44. Nb3 Rd6 45. Be8+ Ke7
46. b5 Rd3 47. Nc5 Rd2+ 48. Kf1 Nf3 49. Bc6 Nge5 50. Rb7+ Kd8 51. Rb8+ Ke7 52.
Rb7+ Kd8 53. Bxf3 Nxf3 54. Rxh7 Nh2+ 55. Kg1 Nxg4 56. Ne6+ Kc8 57. Nxf4 Rb2 58.
Rg7 Ne5 59. Nd5 Rxb5 60. Ne7+ 1/2-1/2

[Event "?"]
[Site "?"]
[Date "2020.01.02"]
[Round "1.52"]
[White "Wagner, Hans"]
[Black "Suvorov, Alexander"]
[Result "0-1"]
[WhiteElo "2106"]
[BlackElo "2267"]
[PlyCount "80"]
[EventDate "2020.??.??"]
[WhiteTeam "SC Stein"]
[BlackTeam "SG Porz"]

1. e4 c5 2. f4 Nc6 3. Nf3 e6 4. Bb5 Nge7 5. O-O a6 6. Be2 g6 7. Qe1 Bg7 8. Nc3
d6 9. d3 O-O 10. f5 exf5 11. Qh4 Nd4 12. Bd1 Nec6 13. Bg5 f6 14. Be3 fxe4 15.
dxe4 Be6 16. Qf2 f5 17. Qd2 Qd7 18. Ng5 Rae8 19. Bf2 Bc4 20. Re1 h6 21. Nh3
fxe4 22. Nxe4 Bd5 23. Ng3 Rxe1+ 24. Bxe1 Ne7 25. Nf4 Bf7 26. c3 Ndc6 27. Ne4
Rd8 28. h3 Ne5 29. Bg3 Nf5 30. Bf2 b6 31. Nd5 Kh8 32. Bg4 Nc4 33. Qd1 Qe6 34.
Bh4 Qxe4 35. Bxd8 Bxd5 36. Qe2 Qxe2 37. Bxe2 Nxb2 38. Bxa6 Bxc3 39. Bxb6 Na4
40. Rb1 Bxa2 0-1

[Event "32. Staufer-Open A-Turnier"]
[Site "Schwäbisch Gmünd"]
[Date "2020.01.02"]
[Round "2.1"]
[White "Kruckenhauser, Arthur"]
[Black "Sedlak, Nikola"]
[Result "0-1"]
[WhiteElo "2281"]
[BlackElo "2563"]
[PlyCount "44"]
[EventDate "2020.??.??"]
[WhiteTeam "Schach ohne Grenzen"]
[BlackTeam "SV Deggendorf"]

1. e4 c6 2. c4 e5 3. Nf3 d6 4. d4 Nd7 5. Nc3 Ngf6 6. Be2 g6 7. h3 Bg7 8. dxe5
dxe5 9. Be3 Qe7 10. Qc2 O-O 11. Rb1 Nc5 12. Ng5 h6 13. b4 Na6 14. b5 Nc5 15.
Bxc5 Qxc5 16. Nf3 Nh5 17. O-O Nf4 18. Na4 Qe7 19. Rfe1 h5 20. h4 Bg4 21. g3
Nxe2+ 22. Qxe2 Qa3 0-1

[Event "32. Staufer-Open A-Turnier"]
[Site "Schwäbisch Gmünd"]
[Date "2020.01.02"]
[Round "2.2"]
[White "Schröder, Jan-Christian"]
[Black "Pallas, Sebastian"]
[Result "1-0"]
[WhiteElo "2553"]
[BlackElo "2268"]
[PlyCount "137"]
[EventDate "2020.??.??"]
[WhiteTeam "SF 1903 Berlin"]
[BlackTeam "SG 1871 Löberitz"]

1. e4 c5 2. Nf3 d6 3. d4 cxd4 4. Nxd4 Nf6 5. Nc3 a6 6. Be3 e6 7. f3 h5 8. a4 b6
9. Bc4 Qc7 10. Qe2 Be7 11. O-O O-O 12. Rad1 Nc6 13. Nxc6 Qxc6 14. Bd4 Bb7 15.
Bb3 Rfe8 16. Rfe1 Rad8 17. Kh1 Qc7 18. Qf2 Nd7 19. Rd2 Bf6 20. Red1 Bxd4 21.
Rxd4 Nc5 22. Qh4 Nxb3 23. cxb3 d5 24. h3 g6 25. exd5 exd5 26. Qf4 Qxf4 27. Rxf4
Kg7 28. Kg1 Re6 29. h4 f6 30. Kf2 Kf7 31. Rfd4 Red6 32. R1d2 Ke6 33. Ne2 Kf7
34. Nc1 Bc8 35. Na2 Ke6 36. Nb4 Bb7 37. Rc2 Rc8 38. Rc3 Ke5 39. Ke3 Ke6 40. Nd3
Kf7 41. Nf4 Re8+ 42. Kd2 Re7 43. b4 Bc6 44. b3 Red7 45. Rc1 Re7 46. Ne2 Rde6
47. Nf4 Rd6 48. Kd3 Kg7 49. Rd1 Kf7 50. Kd2 Re5 51. Rd3 Bd7 52. Rc1 Bc6 53.
Rdc3 Bd7 54. Rc7 g5 55. hxg5 fxg5 56. Nxh5 g4 57. Nf4 gxf3 58. gxf3 Kf6 59. Ne2
d4 60. Rh1 d3 61. Ng3 Rd4 62. Ne4+ Ke7 63. Rb7 Re6 64. Ke3 Rd5 65. Rd1 Kd8 66.
Rb8+ Bc8 67. Rc1 d2 68. Rbxc8+ Kd7 69. R1c7# 1-0

[Event "32. Staufer-Open A-Turnier"]
[Site "Schwäbisch Gmünd"]
[Date "2020.01.02"]
[Round "2.3"]
[White "Browning, Alex"]
[Black "Vorobiov, Evgeny E"]
[Result "0-1"]
[WhiteElo "2280"]
[BlackElo "2535"]
[PlyCount "56"]
[EventDate "2020.??.??"]
[WhiteTeam "SVG Plettenberg"]
[BlackTeam "SF 90 Spraitbach"]

1. e4 c5 2. Nf3 d6 3. d4 cxd4 4. Nxd4 Nf6 5. Nc3 a6 6. h3 e6 7. g4 Be7 8. g5
Nfd7 9. h4 b5 10. a3 Bb7 11. f4 Nc6 12. f5 Nde5 13. Nxc6 Bxc6 14. fxe6 fxe6 15.
Be3 O-O 16. Bh3 Bd7 17. Rf1 Nc4 18. Bc1 Qb6 19. Qe2 Qd4 20. Rf2 Qe5 21. Rg2 Bd8
22. Qd3 Bb6 23. Ra2 Rac8 24. Re2 Rc7 25. Nd1 Qc5 26. Qg3 Ne5 27. Be3 Qc4 28. b3
Ba5+ 0-1

[Event "32. Staufer-Open A-Turnier"]
[Site "Schwäbisch Gmünd"]
[Date "2020.01.02"]
[Round "2.4"]
[White "Schulz, Karsten"]
[Black "Orlov, Andrey"]
[Result "0-1"]
[WhiteElo "2268"]
[BlackElo "2510"]
[PlyCount "66"]
[EventDate "2020.??.??"]
[WhiteTeam "SF Schwerin"]
[BlackTeam "Düsseldorfer SK"]

1. Nf3 Nf6 2. g3 b6 3. Bg2 Bb7 4. c4 e6 5. b3 g6 6. Bb2 Bg7 7. O-O O-O 8. e3 d6
9. Qe2 Nbd7 10. d3 a6 11. Nc3 Rb8 12. Rac1 b5 13. Nd4 b4 14. Nd1 Bxg2 15. Kxg2
Rb6 16. Nf3 Qa8 17. e4 a5 18. Kg1 c5 19. e5 dxe5 20. Nxe5 Nxe5 21. Bxe5 Nd7 22.
Bxg7 Kxg7 23. Qb2+ f6 24. d4 Rd6 25. dxc5 Nxc5 26. Qe2 Rfd8 27. Rc2 Ne4 28. f3
Nd2 29. c5 Rd3 30. c6 Nxf1 31. Nf2 Rd2 32. Rxd2 Nxd2 33. c7 Rd7 0-1

[Event "32. Staufer-Open A-Turnier"]
[Site "Schwäbisch Gmünd"]
[Date "2020.01.02"]
[Round "2.5"]
[White "Iniyan, Panneer Selvam"]
[Black "Richter, Nils"]
[Result "0-1"]
[WhiteElo "2494"]
[BlackElo "2257"]
[PlyCount "82"]
[EventDate "2020.??.??"]
[BlackTeam "TSV Schönaich"]

1. d4 Nf6 2. c4 e6 3. Nc3 d5 4. Nf3 Be7 5. Bg5 h6 6. Bh4 O-O 7. e3 b6 8. Bd3
Bb7 9. O-O Nbd7 10. Rc1 c5 11. cxd5 exd5 12. dxc5 bxc5 13. Bf5 Re8 14. Qd3 Nb6
15. Rfd1 Bf8 16. e4 d4 17. Bxf6 Qxf6 18. e5 Qd8 19. Ne4 Qd5 20. b3 a5 21. Qc2
Bc8 22. Bh7+ Kh8 23. Neg5 hxg5 24. Be4 Qd8 25. Bxa8 Nxa8 26. h4 gxh4 27. Qe4
Nc7 28. Qf4 Kg8 29. Ng5 Qd7 30. Ne4 Qg4 31. Qxg4 Bxg4 32. f3 Rxe5 33. Kf2 Rxe4
34. fxe4 Bxd1 35. Rxd1 Bd6 36. Ke2 Ne6 37. Rd2 Nf4+ 38. Kf3 f6 39. Kg4 g5 40.
a3 Kf7 41. Kf5 Ng6 0-1